|
|
|
|
| LEADER |
01040nam a2200241 a 4500 |
| 001 |
3432690 |
| 008 |
090901s1992 nyua b 001 0 eng d |
| 010 |
|
|
|a \\\91022396
|
| 020 |
|
|
|a 0024064114
|
| 040 |
|
|
|a DLC
|c DLC
|d DLC
|
| 082 |
0 |
0 |
|a 372.83/044
|2 20
|
| 100 |
1 |
|
|a Savage, Tom V.
|
| 245 |
1 |
0 |
|a Effective teaching in elementary social studies /
|c Tom V. Savage, David G. Armstrong.
|
| 250 |
|
|
|a 2nd ed.
|
| 260 |
|
|
|a New York :
|b Macmillan ;
|a Toronto :
|b Maxwell Macmillan Canada ;
|a New York :
|b Maxwell Macmillan International,
|c c1992.
|
| 300 |
|
|
|a xvi, 484 p. :
|b ill. ;
|c 25 cm.
|
| 504 |
|
|
|a Includes bibliographical references and indexes.
|
| 541 |
1 |
|
|e 00005175
|
| 650 |
|
0 |
|a Social sciences
|x Study and teaching (Elementary)
|z United States.
|
| 700 |
1 |
|
|a Armstrong, David G.
|
| 852 |
4 |
|
|a Ayesha Abed Library
|j General shelf
|
| 999 |
|
|
|c 3422
|d 3422
|
| 952 |
|
|
|0 0
|1 0
|2 ddc
|4 0
|6 372_830440000000000_SAV_1992
|7 0
|9 7568
|a BRACUL
|b BRACUL
|c GEN
|d 2010-01-28
|g 0.00
|l 1
|o 372.83044 SAV
|p 3010005175
|r 2017-04-26
|s 2017-01-15
|t 1
|w 2010-01-28
|y BK
|z Not price in Register
|